Vista normal
Vista MARC
Entrada Personal Name
Número de registros utilizados en: 1
001 - CONTROL NUMBER
- control field: 37146
003 - CONTROL NUMBER IDENTIFIER
- control field: OSt
005 - DATE AND TIME OF LATEST TRANSACTION
- control field: 20210426123409.0
008 - FIXED-LENGTH DATA ELEMENTS
- fixed length control field: 210426|| aca||aabn | a|a d
040 ## - CATALOGING SOURCE
- Original cataloging agency: OSt
- Transcribing agency: OSt
100 ## - HEADING--PERSONAL NAME
- Personal name: Peña-Alfaro, David
670 ## - SOURCE DATA FOUND
- Source citation: Work cat.: (OSt)11597: Mankiw, N Gregory, autor 1132, Principios de economía / , 2009.